Catálogo

TRATADO DE HERMENEUTICA ANALOGICA : (Registro nro. 54386)

Detalles MARC
000 -LEADER
fixed length control field 00809nam a2200181 a 4500
001 - CONTROL NUMBER
control field 54386
005 - DATE AND TIME OF LATEST TRANSACTION
control field 20180714045156.0
008 - FIXED-LENGTH DATA ELEMENTS--GENERAL INFORMATION
fixed length control field 140415s2009 mx 000 0 spa d
020 ## - INTERNATIONAL STANDARD BOOK NUMBER
International Standard Book Number 9703224520
041 ## - LANGUAGE CODE
Language code of text/sound track or separate title spa
082 ## - DEWEY DECIMAL CLASSIFICATION NUMBER
Classification number 121.68
Item number BEU
245 00 - TITLE STATEMENT
Title TRATADO DE HERMENEUTICA ANALOGICA :
Remainder of title HACIA UN NUEVO MODELO DE INTERPRETACION
250 ## - EDITION STATEMENT
Edition statement 4ed.
260 ## - PUBLICATION, DISTRIBUTION, ETC.
Place of publication, distribution, etc. MEXICO :
Name of publisher, distributor, etc. UNAM,
Date of publication, distribution, etc. 2009
300 ## - PHYSICAL DESCRIPTION
Extent 281
Dimensions 13.4 x 1.1 x 21
520 ## - SUMMARY, ETC.
Summary, etc. LA ANALOGIA HA RECORRIDO LA HISTORIA HASTA HOY REVISTANDO FORMAS DIVERSAS DE PENSAMIENTO QUE TRATAN DE ENCONTRAR LO QUE ES ALCANZABLE DE SEMEJANTE EN LAS COSAS SIN OLVIDAR QUE PREDOMINA LO DIFERENTE, LA DIVERSIDAD, RESPETANDO LA DIFERENCIA SIN RENUNCIAR A LA SEMEJANZA QUE PERMITE LOGRAR ALGUNA UNIVERSALIZACION.
650 14 - SUBJECT ADDED ENTRY--TOPICAL TERM
Topical term or geographic name entry element FILOSOFIA
General subdivision HERMENEUTICA
Existencias
Withdrawn status Lost status Source of classification or shelving scheme Damaged status Not for loan Collection code Home library Current library Shelving location Date acquired Source of acquisition Inventory number Total Checkouts Total Renewals Full call number Barcode Date last seen Date last checked out Price effective from Koha item type Checked out
    Dewey Decimal Classification     General Biblioteca Karol Wojtyla Biblioteca Karol Wojtyla Sala general 03/12/2013 Compra 151000000000000000060688 3 2 121.68 BEU 81318 11/02/2026 09/02/2026 03/12/2013 Libro  
    Dewey Decimal Classification     General Biblioteca Karol Wojtyla Biblioteca Karol Wojtyla Sala general 03/12/2013 Compra 151000000000000000060687     121.68 BEU 81317 05/01/2026 09/09/2015 03/12/2013 Libro  
    Dewey Decimal Classification     General Biblioteca Karol Wojtyla Biblioteca Karol Wojtyla Sala general 03/12/2013 Compra 151000000000000000060689 6   121.68 BEU 81319 03/06/2026 03/06/2026 03/12/2013 Libro 17/06/2026